000 01105nam a2200301Ia 4500
005 20170707100928.0
010 _aBAC-EN21 ENG-111805
020 _a9789332517387
_c599.00
020 _a9789332517387
_c629.00
035 _aEN-95337
035 _aB-589998-019
035 _aB-668122
037 _bTechniz/Ven
_adpl
037 _bDBAD/PUB
082 _a572.8
245 _aPractical skills in biomolecular sciences /
_cby Rob Reed...[et.al]
250 _a4th ed
260 _c2014
_aDelhi
_bPearson India
270 _a11 Community Centre,Panchsheel Park
_bNew Delhi
_e110017
300 _c28cm(pbk)
_axvi,553p. :
_bill.
500 _aIncludes bibliographical references and index.
650 _aClinical Laboratory Techniques
650 _a Biochemical Phenomena.
700 _aReed, Rob
942 _cEN
_2ddc
_mPRA
_h572.8
999 _c88185
_d88185